000 00553nam a2200229Ia 4500
001 17477
003 GE_BSU
008 181216s||||||||xx |||||||||||||| ||und||
020 _a9780521616270
040 _cGE_BSU
080 _a336
100 _aMackenzie,Lan
245 _aProfessional english in USE. Finance
260 _aCambridge
260 _c2006
300 _a140p.
541 _h6 Gel.
653 _aProfessional english in USE. Finance
653 _aეკონომიკა
653 _aფინანსები
942 _cBK
999 _c50528
_d50528